[Event "Chigorin mem"]
[Site "St Petersburg"]
[Date "1999.11.06"]
[Round "5"]
[White "Kochyev, Alexander"]
[Black "Shvedov, Sergey"]
[Result "1/2-1/2"]
[WhiteElo "2441"]
[BlackElo "2340"]

1.Nf3 Nf6 2.c4 g6 3.d4 Bg7 4.g3 O-O 5.Bg2 d6 6.O-O Nbd7 7.Nc3 e5 8.e4 c6
9.Rb1 Re8 10.h3 a6 11.Re1 Qe7 12.d5 c5 13.a3 Rf8 14.b4 Ne8 15.Be3 f5 16.exf5 gxf5
17.Ng5 e4 18.Na4 b5 19.Nxc5 dxc5 20.bxc5 Nxc5 21.d6 Qxd6 22.Qxd6 Nxd6 23.Bxc5 Nxc4
24.Bxf8 Bxf8 25.a4 Nd6 26.axb5  1/2-1/2

[Event "Chigorin mem"]
[Site "St Petersburg"]
[Date "1999.11.06"]
[Round "5"]
[White "Burmakin, Vladimir"]
[Black "Klimov, Sergey"]
[Result "1/2-1/2"]
[WhiteElo "2579"]
[BlackElo "2416"]

1.d4 Nf6 2.c4 g6 3.Nf3 Bg7 4.g3 O-O 5.Bg2 d6 6.O-O Nbd7 7.Nc3 e5 8.h3 Re8
9.e4 exd4 10.Nxd4 Nc5 11.Re1 a5 12.Qc2 a4 13.Be3 c6 14.Rad1 Nfd7 15.Nde2 Qa5
16.Rxd6 Ne5 17.Rdd1 Nxc4 18.Bd4 Qb4 19.Bxg7 Kxg7 20.Rb1 Rd8 21.Red1 Be6 22.Nd4 Ne5
23.a3 Qb6 24.Nxe6+ fxe6 25.Rxd8 Rxd8 26.Rd1 Rxd1+ 27.Nxd1 Nb3 28.Qc3 Qd4
29.Qxd4 Nxd4 30.f4 Nd3 31.Bf1 Nf3+ 32.Kh1 Nc5 33.e5 Ne4 34.Bc4 Nfd2 35.Bxe6 Nxg3+
36.Kh2 Ne2 37.Bc8 b5 38.Bd7 Nf3+ 39.Kg2 Nfd4 40.Kf2 Nxf4 41.Ke3 Nfe6 42.Nf2 Kf7
43.Ne4 Ke7 44.Nf6 h5 45.Be8 Nf5+ 46.Kd3 Nc5+ 47.Ke2 g5 48.Kd2 Nd4 49.Ke3 Nf5+
50.Kd2 Nd4 51.Ke3 Nf5+ 52.Kd2  1/2-1/2

[Event "SLO-chT"]
[Site "Bled"]
[Date "1999.11.09"]
[Round "2"]
[White "Petrosian, Arshak B"]
[Black "Osterman, Rudolf"]
[Result "0-1"]
[WhiteElo "2514"]
[BlackElo "2371"]

1.d4 Nf6 2.c4 g6 3.Nf3 Bg7 4.g3 O-O 5.Bg2 d6 6.Nc3 Nbd7 7.O-O e5 8.h3 Re8
9.e4 exd4 10.Nxd4 Nc5 11.Re1 a6 12.Qc2 Bd7 13.Be3 Rb8 14.Rad1 Qc8 15.g4 h5
16.g5 Nh7 17.h4 b5 18.b4 Ne6 19.Nxe6 Bxe6 20.c5 Bh3 21.f3 Bxg2 22.Kxg2 dxc5
23.Bxc5 c6 24.Bd6 Ra8 25.e5 Nf8 26.Ne4 Ne6 27.Qd2 Qb7 28.f4 a5 29.bxa5 c5
30.Kg3 Rec8 31.Rc1 c4 32.Bb4 Rd8 33.Nd6 Qd7 34.Kh2 Bf8 35.Rcd1 Bxd6 36.exd6 Qc6
37.Rxe6 fxe6 38.Qe3 Qd7 39.Bc3 Rf8 40.Qe5 Kh7 41.Re1 Rae8 42.Rd1 Rf5 43.Qe1 Rxf4
44.Be5 Rf7 45.Qe3 Rc8 46.a6 b4 47.Bf6 c3 48.Qd3 c2 49.Rc1 Qc6 50.Kg3 e5 51.Qb3 Qd7
52.Kh2 Rc3 53.Qxb4 Qh3+  0-1

[Event "ch-ESP (team) Div 2"]
[Site "Cala Galdana ESP"]
[Date "1999.11.09"]
[Round "2"]
[White "Angel Acosta,J"]
[Black "Garcia Luque,A"]
[Result "1/2-1/2"]
[WhiteElo "2273"]
[BlackElo "2324"]

1.d4 Nf6 2.Nf3 g6 3.c4 Bg7 4.g3 O-O 5.Bg2 d6 6.O-O Nc6 7.d5 Na5 8.Qa4 c5
9.Bd2 b6 10.Bc3 Qd7 11.Qc2 Qf5 12.Qc1 Qh5 13.Nbd2 Bh3 14.Re1 e6 15.e4 exd5
16.exd5 Bxg2 17.Kxg2 Qf5 18.Qb1 Qxb1 19.Raxb1 Rfe8 20.b3 Nb7 21.Rxe8+ Rxe8
22.Re1 Rxe1 23.Nxe1 Ne8 24.Bxg7 Kxg7 25.f4 Nc7 26.Nc2 b5 27.Kf3 Kf6 28.Ne3 bxc4
29.bxc4 Na8 30.g4 Nb6 31.g5+ Ke7 32.h4 Na5 33.h5 f6 34.hxg6 hxg6 35.gxf6+ Kxf6
36.Kg4 Kg7 37.Kg5 Nb7 38.Ne4 Kf7 39.Kh6 Nd7 40.f5 gxf5 41.Nxf5  1/2-1/2

[Event "Chigorin mem"]
[Site "St Petersburg"]
[Date "1999.11.09"]
[Round "8"]
[White "Shvedov, Sergey"]
[Black "Chuprov, Dmitry"]
[Result "0-1"]
[WhiteElo "2340"]
[BlackElo "2411"]

1.d4 Nf6 2.Nf3 d6 3.c4 g6 4.g3 Bg7 5.Bg2 O-O 6.O-O Nbd7 7.Nc3 e5 8.e4 exd4
9.Nxd4 Re8 10.h3 Nc5 11.Re1 Bd7 12.Kh2 Re5 13.Nf3 Rh5 14.Nh4 Ne6 15.Nd5 Rxh4
16.gxh4 Nh5 17.Rh1 Qxh4 18.Kg1 Re8 19.Qg4 Qd8 20.Be3 Bxb2 21.Rb1 Bg7 22.Qd1 b6
23.Bf3 Ng5 24.Bxh5 gxh5 25.Qxh5 Nxe4 26.Rh2 Re5 27.Qf3 Bf5 28.Rg2 Bg6 29.Re1 Nc5
30.Qg3 Re4 31.Bd2 Be5 32.f4 Bd4+ 33.Kh2 c6 34.Nb4 Qe8 35.Nc2 Bg7 36.Rxe4 Nxe4
37.Qe3 c5 38.Be1 Qe6 39.h4 h5  0-1

[Event "Chigorin mem"]
[Site "St Petersburg"]
[Date "1999.11.09"]
[Round "8"]
[White "Doroshkievich, Vladimir K"]
[Black "Manakov, Ilya"]
[Result "1-0"]
[WhiteElo "2400"]
[BlackElo "2280"]

1.d4 Nf6 2.c4 g6 3.Nf3 Bg7 4.g3 O-O 5.Bg2 d6 6.O-O Nbd7 7.Qc2 c6 8.Rd1 Qc7
9.b3 a6 10.Bb2 b6 11.Nc3 Bb7 12.Rac1 Rac8 13.Qd2 Qb8 14.d5 c5 15.e4 b5 16.Qe2 Rfe8
17.cxb5 axb5 18.Qxb5 Qa7 19.Bf1 c4 20.b4 Ng4 21.Rc2 Ba8 22.Qa4 Qb7 23.Nb5 Rb8
24.Bxg7 Kxg7 25.Nfd4 Ndf6 26.Bg2 Qb6 27.Rxc4 e5 28.dxe6 Nxe4 29.Bxe4 Bxe4
30.Nxd6  1-0

[Event "FSIM November"]
[Site "Budapest HUN"]
[Date "1999.11.10"]
[Round "5"]
[White "Spielmann,Al"]
[Black "Toth,An"]
[Result "1/2-1/2"]
[WhiteElo "2241"]
[BlackElo "2297"]

1.Nf3 Nf6 2.c4 g6 3.d4 Bg7 4.g3 O-O 5.Bg2 d6 6.O-O Nc6 7.d5 Na5 8.Nfd2 c5
9.Nc3 a6 10.Rb1 Rb8 11.b3 b5 12.Bb2 e5 13.dxe6 Bxe6 14.cxb5 axb5 15.Nde4 Bf5
16.Nxf6+ Bxf6 17.Nd5 Bxb2 18.Rxb2 b4 19.Rd2 Be6 20.Nf4 Rb6 21.Nd5 Ra6 22.Qc1 Nc6
23.Rfd1 Nd4 24.e3 Nb5 25.Bf1 Ra5 26.Bxb5 Rxb5 27.Qb2 Bxd5 28.Rxd5 Rb6 29.R1d3 Qe7
30.Qd2 Ra8 31.Rxd6 Rxd6 32.Rxd6 Rxa2 33.Qd5 Rc2 34.Kg2 Qxe3 35.Rf6 Qe7 36.Rf4 Qe6
37.Qa8+ Kg7 38.h4 h5 39.Re4 Qxb3 40.Re8 Rd2 41.Rg8+ Kf6 42.Qc6+ Qe6 43.Qxc5 Qe4+
44.Kh2 Qd5 45.Qxd5 Rxd5 46.Rb8 Rd4 47.Kg2 Kf5 48.Kf3 Rd3+ 49.Ke2 Rb3 50.Rb7 f6
51.Rb6 g5 52.hxg5 fxg5 53.Kf1 h4 54.gxh4 gxh4 55.Kg2 h3+ 56.Kh2 Ke5 57.Rb8 Ke4
58.Rb7 Kf3 59.Rf7+ Ke2 60.f4 Rf3 61.f5 b3  1/2-1/2

[Event "SLO-chT"]
[Site "Bled"]
[Date "1999.11.11"]
[Round "4"]
[White "Raspor, Gregor"]
[Black "Sebenik, Matej"]
[Result "0-1"]
[WhiteElo "2225"]
[BlackElo "2194"]

1.Nf3 Nf6 2.c4 d6 3.g3 g6 4.Bg2 Bg7 5.d4 O-O 6.O-O Nc6 7.Nc3 a6 8.d5 Na5
9.Nd2 c5 10.Qc2 Rb8 11.b3 b5 12.Rb1 Qc7 13.Bb2 Bf5 14.e4 Bd7 15.Rbe1 bxc4
16.bxc4 e6 17.f4 Ng4 18.Nd1 Rxb2 19.Nxb2 exd5 20.Nd1 Bd4+ 21.Kh1 Nxc4 22.Nxc4 dxc4
23.h3 Nf6 24.Ne3 c3 25.Nd1 Qa5 26.e5 Ba4 27.Qc1 Nh5 28.Kh2 Rb8 29.Ne3 dxe5
30.Nc4 Qd8 31.Nxe5 Rb2 32.Nf3 Qd5 33.g4 Rxg2+ 34.Kxg2 Qxa2+ 35.Nd2 cxd2 36.Qb1 Bc6+  0-1

[Event "FSIM November"]
[Site "Budapest HUN"]
[Date "1999.11.12"]
[Round "7"]
[White "Yu Mingyuan"]
[Black "Toth,An"]
[Result "1-0"]
[WhiteElo "2319"]
[BlackElo "2297"]

1.d4 Nf6 2.Nf3 g6 3.c4 Bg7 4.g3 O-O 5.Bg2 d6 6.O-O Nc6 7.d5 Na5 8.Nfd2 c5
9.Nc3 a6 10.Qc2 Rb8 11.Rb1 e5 12.b3 b5 13.Bb2 Bh6 14.e3 Bf5 15.Nce4 Nxe4
16.Bxe4 Bh3 17.Bg2 Bf5 18.Be4 Bh3 19.Bg2 Bf5 20.e4 Bd7 21.f4 f6 22.Bc3 Qc7
23.Kh1 Rf7 24.Qd3 Rff8 25.Qe2 Rbe8 26.a3 Rb8 27.Qd3 Rb7 28.fxe5 fxe5 29.Rxf8+ Bxf8
30.Rf1 Bg7 31.Qf3 Bc8 32.cxb5 axb5 33.b4 cxb4 34.Bxb4 Nc4 35.Rc1 Bh6 36.Nxc4 bxc4
37.Rc2 Rb8 38.Qf6 Bf8 39.Bf1 Ba6 40.Qe6+ Kg7 41.Rf2 Qe7 42.Qg4 Rc8 43.Qf3 Rc7
44.Be2 Rb7 45.Qe3 Bb5 46.Kg2 Kg8 47.Qc1 Rc7 48.Qf1 Bg7 49.Bg4 Bd7 50.Bxd7 Qxd7
51.Rc2 c3 52.Qd3 Bh6 53.Rxc3 Rxc3 54.Qxc3 Kf7 55.Qc2 Be3 56.a4 Ba7 57.h3 Ke7
58.Qc6  1-0

[Event "SLO-chT"]
[Site "Bled"]
[Date "1999.11.13"]
[Round "6"]
[White "Brglez, Rado"]
[Black "Srebrnic, Vojko"]
[Result "1-0"]
[WhiteElo "2328"]
[BlackElo "2262"]

1.d4 d6 2.g3 g6 3.Bg2 Bg7 4.Nf3 Nf6 5.c4 O-O 6.O-O Nc6 7.Nc3 e5 8.d5 Ne7
9.b4 a5 10.bxa5 Rxa5 11.Nd2 b6 12.Nb3 Ra7 13.a4 Nd7 14.Bd2 f5 15.a5 bxa5
16.Rxa5 Rxa5 17.Nxa5 Ba6 18.e4 Nf6 19.Qa4 Bc8 20.Nc6 Nxc6 21.dxc6 Be6 22.exf5 gxf5
23.Nd5 Bxd5 24.cxd5 Qe8 25.Qa7 Qf7 26.Ba5 Nxd5 27.Bxd5 Qxd5 28.Qxc7 f4 29.Bb4 Qe6
30.Qxd6 Qxd6 31.Bxd6 Rc8 32.c7  1-0

[Event "ch-ESP (team) Div 2"]
[Site "Cala Galdana ESP"]
[Date "1999.11.15"]
[Round "8"]
[White "Gaya Yodra,J"]
[Black "Glavina,P"]
[Result "0-1"]
[WhiteElo "2238"]
[BlackElo "2429"]

1.d4 g6 2.g3 Bg7 3.Bg2 Nf6 4.Nf3 O-O 5.c4 d6 6.O-O Nbd7 7.Nc3 e5 8.h3 Re8
9.e4 exd4 10.Nxd4 a6 11.b3 Rb8 12.Bb2 Nc5 13.Qc2 Bd7 14.Rad1 Qc8 15.Kh2 b5
16.b4 Ne6 17.Nxe6 Bxe6 18.Nd5 Bxd5 19.cxd5 Re7 20.Rc1 Qe8 21.f3 Rc8 22.Rfd1 Nd7
23.Bxg7 Kxg7 24.Rd3 f5 25.exf5 gxf5 26.Rd4 Qf7 27.Qd2 Qf6 28.Bf1 Ne5 29.Kg2 Rce8
30.Rc2 Ng6 31.Rd3 f4 32.g4 Kg8 33.Rdc3 Re3 34.Kh2 Nh4 35.Bg2 Nxg2 36.Kxg2 Rxc3  0-1

[Event "ch-ESP (team) Div 2"]
[Site "Cala Galdana ESP"]
[Date "1999.11.16"]
[Round "9"]
[White "Barlov,D"]
[Black "Molina Garcia,A"]
[Result "0-1"]
[WhiteElo "2485"]
[BlackElo "2198"]

1.d4 Nf6 2.Nf3 g6 3.c4 Bg7 4.g3 O-O 5.Bg2 d6 6.O-O Nc6 7.d5 Nb8 8.Nc3 c6
9.h3 cxd5 10.cxd5 Nbd7 11.e4 Nb6 12.Re1 Nfd7 13.Bf4 Nc4 14.Qe2 Nde5 15.Nxe5 Nxe5
16.Be3 a6 17.f4 Nd7 18.a4 Qa5 19.Qc4 Nf6 20.b4 Qd8 21.e5 Ne8 22.Bf2 Bd7 23.Qd3 Rc8
24.Rac1 Qc7 25.e6 Qxc3 26.Rxc3 Rxc3 27.exd7  0-1

[Event "Eu Team Ch"]
[Site "Batumi GEO"]
[Date "1999.11.29"]
[Round "1"]
[White "Dautov,R"]
[Black "Manik,M"]
[Result "1/2-1/2"]
[WhiteElo "2597"]
[BlackElo "2447"]

1.d4 Nf6 2.Nf3 g6 3.c4 Bg7 4.g3 O-O 5.Bg2 d6 6.O-O Nbd7 7.Nc3 e5 8.h3 a6
9.dxe5 dxe5 10.Be3 Rb8 11.Qc1 c6 12.Rd1 Qe7 13.c5 Ne8 14.Ne4 f5 15.Nd6 e4
16.Qc4+ Kh8 17.Ng5 Ne5 18.Qb3 Nc7 19.Bf4 Be6 20.Nxe6 Nxe6 21.Rac1  1/2-1/2

[Event "Eu Team Ch"]
[Site "Batumi GEO"]
[Date "1999.12.01"]
[Round "3"]
[White "Butnorius,A"]
[Black "Babula,V"]
[Result "1/2-1/2"]
[WhiteElo "2456"]
[BlackElo "2567"]

1.Nf3 Nf6 2.c4 g6 3.d4 Bg7 4.g3 O-O 5.Bg2 d6 6.O-O Nc6 7.Nc3 a6 8.b3 Rb8
9.Nd5 Nh5 10.Be3 b5 11.cxb5 axb5 12.Rc1 Bd7 13.Qd2 e6 14.Nc3 b4 15.Na4 Nf6
16.Bh6 Ne4 17.Qe3 Bxh6 18.Qxh6 f5 19.h4 Ne7 20.Ng5 Nf6 21.Rc2 Kh8 22.Nh3 Bb5
23.Nb2 Qd7 24.Rfc1 c6 25.Nd3 Bxd3 26.exd3 Rbc8 27.Bxc6 Nxc6 28.Rxc6 Kg8 29.Rxc8 Rxc8
30.Rc4 Nd5 31.Nf4 Nc3 32.h5 Rxc4 33.dxc4 e5 34.dxe5 dxe5 35.Nd5 Nxd5 36.cxd5 Qd6
37.Qd2 Kg7 38.h6+ Kf6 39.Qd3 Kg5 40.Qc4 e4 41.Qc6 Qe5 42.Qc1+ Kf6 43.Qc6+ Kg5
44.Qc1+ Kf6  1/2-1/2

[Event "FSIMB December"]
[Site "Budapest HUN"]
[Date "1999.12.04"]
[Round "1"]
[White "Gottschlich,C"]
[Black "Rajlich,V"]
[Result "1-0"]
[WhiteElo "2246"]
[BlackElo "2297"]

1.d4 Nf6 2.c4 g6 3.Nf3 Bg7 4.g3 O-O 5.Bg2 d6 6.O-O Nbd7 7.Nc3 e5 8.e4 exd4
9.Nxd4 Re8 10.h3 a6 11.Re1 Rb8 12.Bf4 Ne5 13.Qb3 Nfd7 14.Rad1 Nc5 15.Qc2 Nxc4
16.Nd5 Ne5 17.b4 Ne6 18.Nxe6 fxe6 19.Nxc7 Re7 20.Rc1 Nc6 21.b5 Rxc7 22.bxc6 bxc6
23.Red1 Rb2 24.Rxd6 Qf8 25.Qd3 Bf6 26.Rdxc6 Rxc6 27.Rxc6 Rxa2 28.Rc7 Ra1+
29.Kh2 g5 30.Qc4 Bd7 31.Rxd7 gxf4 32.Qxe6+ Kh8 33.Rf7 fxg3+ 34.fxg3 Qd8 35.Qxf6+ Qxf6
36.Rxf6 a5 37.Ra6 a4 38.e5 Kg7 39.Ra7+ Kf8 40.e6 Ra2 41.e7+ Ke8  1-0

[Event "Eu Team Ch"]
[Site "Batumi GEO"]
[Date "1999.12.05"]
[Round "6"]
[White "Dautov,R"]
[Black "Georgiev,Vl"]
[Result "1-0"]
[WhiteElo "2597"]
[BlackElo "2519"]

1.d4 Nf6 2.c4 d6 3.Nf3 g6 4.g3 Bg7 5.Bg2 O-O 6.O-O c6 7.Nc3 Qa5 8.e4 e5 9.h3 Nbd7
10.Re1 exd4 11.Nxd4 Ne5 12.Bf1 Re8 13.Be3 c5 14.Nb3 Qb4 15.Bd2 Qb6 16.f4 Nc6
17.Bg2 Be6 18.Nd5 Bxd5 19.cxd5 Nb4 20.Bc3 c4+ 21.Bd4 Qb5 22.Nc1 Nh5 23.Bxg7 Kxg7
24.Kh2 Qc5 25.Qd2 Nf6 26.a3 Na6 27.b4 c3 28.Qd3 Qc7 29.Nb3 Rac8 30.Na5 c2
31.Rac1 Re7 32.Re3 Qb6 33.Re2 Nxb4 34.axb4 Qxb4 35.Qd2 Qb5 36.e5 Ne8 37.Bf1 Rc5
38.exd6 Rxe2+ 39.Bxe2 Qa4 40.d7  1-0

[Event "Open"]
[Site "Las Palmas ESP"]
[Date "1999.12.06"]
[Round "6"]
[White "Gonzalez,Man"]
[Black "Menvielle Lacourrelle,A"]
[Result "0-1"]
[WhiteElo "2190"]
[BlackElo "2322"]

1.d4 Nf6 2.c4 g6 3.Nf3 Bg7 4.g3 O-O 5.Bg2 d6 6.O-O Nc6 7.d5 Ne5 8.Nfd2 Ned7
9.Nc3 e5 10.Rb1 a5 11.a3 Nh5 12.e4 Nc5 13.Nb3 Nxb3 14.Qxb3 f5 15.f3 f4 16.g4 Nf6
17.Bd2 h5 18.h3 hxg4 19.hxg4 Bh6 20.Be1 Bg5 21.c5 Kg7 22.cxd6 cxd6 23.Bf2 Rh8
24.Qb6 Bh4 25.Qxd8 Bxf2+ 26.Rxf2 Rxd8 27.Nb5 Ne8 28.Rc2 Bd7 29.Bf1 Rac8 30.Nc3 Rc5
31.b4 axb4 32.axb4 Rc7 33.Rbc1 Rdc8 34.Bd3 Kf6 35.Kf2 Kg5 36.Ke2 Nf6 37.Kd2 Rh8
38.Rf1 Rh2+ 39.Kc1 Rh3 40.Kb2 Nxg4 41.Rg2 Kf6 42.Rfg1 Rxf3 43.Bb5 Rf2+ 44.Rxf2 Nxf2
45.Be2 g5 46.Rg2 Rxc3 47.Kxc3 Nxe4+ 48.Kb2 Ng3 49.Bd1 e4 50.Rh2 f3 51.Rh8 Ke5  0-1

[Event "Eu Team Ch (women)"]
[Site "Batumi GEO"]
[Date "1999.12.07"]
[Round "9"]
[White "Flear,C"]
[Black "Grabics,M"]
[Result "1/2-1/2"]
[WhiteElo "2232"]
[BlackElo "2304"]

1.d4 Nf6 2.Nf3 g6 3.g3 Bg7 4.Bg2 O-O 5.c4 d6 6.Nc3 Nc6 7.O-O a6 8.h3 Rb8
9.e4 b5 10.cxb5 axb5 11.e5 Nd7 12.Ng5 Nxd4 13.Qxd4 Nxe5 14.Qd1 b4 15.Na4 Ba6
16.Re1 Qe8 17.Be3 Bb5 18.b3 Nd3 19.Rf1 c5 20.Rb1 Bxa4 21.Qxd3 Bb5 22.Qe4 h6
23.Nf3 Bxf1 24.Bxf1 e6 25.Rd1 Qe7 26.h4 d5 27.Qc2 Qf6 28.Kg2 Rfc8 29.Qc1 Ra8
30.Rd2 Kh7 31.Rc2 Qa1 32.Rxc5 Qxc1 33.Rxc1 Rxc1 34.Bxc1 Rxa2 35.Bb5 Ra1 36.Bd2 Bc3
37.Bf4 Rb1 38.Ba4 d4 39.Ne5 f6 40.Nc4 e5 41.Bxe5 fxe5 42.Nxe5 Ra1 43.Bd7 Kg7
44.Nd3 Kf6 45.Bb5 Ra8 46.Kf3 Rb8 47.Bc4 Rc8 48.Bb5 Rb8 49.Bc4 Rc8  1/2-1/2

[Event "FSIMB December"]
[Site "Budapest HUN"]
[Date "1999.12.12"]
[Round "9"]
[White "Spielmann,Al"]
[Black "Rajlich,V"]
[Result "1-0"]
[WhiteElo "2241"]
[BlackElo "2297"]

1.d4 Nf6 2.Nf3 g6 3.c4 Bg7 4.g3 O-O 5.Bg2 d6 6.O-O Nbd7 7.Qc2 e5 8.Rd1 Qe7
9.Nc3 c6 10.e4 exd4 11.Nxd4 Nc5 12.b3 Re8 13.f3 a5 14.Be3 d5 15.cxd5 cxd5
16.Bg5 Ne6 17.Nxd5 Nxd5 18.Bxe7 Bxd4+ 19.Rxd4 Nxd4 20.Qc5 Nxf3+ 21.Bxf3 Nxe7
22.e5 Ra6 23.Rd1 Nf5 24.Qc7 Ng7 25.Rd8 Ra8 26.Rxe8+ Nxe8 27.Qd8 Kf8 28.Bg4 Bxg4
29.Qxa8 Bf3 30.Qxa5 Bc6 31.Qd8 Kg7 32.g4 h6 33.h4 Kh7 34.Qe7 Kg8 35.a4 Ng7
36.a5 Ne6 37.b4 g5 38.hxg5 hxg5 39.Qd6 Bf3 40.Kf2  1-0

[Event "Vikings Masters"]
[Site "York ENG"]
[Date "1999.12.13"]
[Round "1"]
[White "Hanley,C"]
[Black "Bree,T"]
[Result "1-0"]
[WhiteElo "2178"]
[BlackElo "2272"]

1.d4 d6 2.c4 g6 3.g3 Bg7 4.Nf3 Nf6 5.Bg2 O-O 6.O-O c5 7.Nc3 cxd4 8.Nxd4 Nc6
9.Nxc6 bxc6 10.Bxc6 Rb8 11.Qa4 Bh3 12.Bg2 Bxg2 13.Kxg2 Qb6 14.Rb1 Qb7+ 15.Kg1 Nd7
16.Nd5 e6 17.Ne3 Qe4 18.Bd2 Nb6 19.Qb3 d5 20.Qd3 Qxd3 21.exd3 dxc4 22.dxc4 Na4
23.b3 Nc5 24.Rfd1 Rfc8 25.Ba5 h5 26.Rbc1 Bf6 27.Rc2 Rb7 28.f3 Kg7 29.Kf2 Kg8
30.Rcd2 Rbb8 31.Ke2 Kg7 32.Rc2 Kg8 33.Bc3 Kg7 34.Bxf6+ Kxf6 35.Rcd2 Ke7 36.Nc2 Rb7
37.Ne1 Rc6 38.Nd3 Nxd3 39.Kxd3 a5 40.Kc3 Rcb6 41.Rb2 Rb8 42.a3 h4 43.b4 hxg3
44.hxg3 axb4+ 45.axb4 Ra6 46.b5 Ra3+ 47.Rb3 Ra2 48.c5 Rf2 49.Kb4 Rc2 50.Rdd3 g5
51.b6 g4 52.Kb5 gxf3 53.Rxf3 Rd2 54.Rfd3 Re2 55.Rdc3 Re5 56.Ka6 Kd7 57.Kb5 Rg8
58.Ra3 Rgg5 59.Ra7+  1-0

[Event "ch-ROM (women)"]
[Site "Lasi ROM"]
[Date "1999.12.15"]
[Round "1"]
[White "Calotescu,C"]
[Black "Calota,A"]
[Result "1-0"]
[WhiteElo "2176"]
[BlackElo "2096"]

1.Nf3 g6 2.d4 Bg7 3.c4 Nf6 4.g3 O-O 5.Bg2 d6 6.O-O Nbd7 7.Nc3 e5 8.e4 exd4
9.Nxd4 Ne5 10.b3 a6 11.h3 c5 12.Nde2 Rb8 13.Be3 Qc7 14.Rc1 b5 15.f4 Ned7
16.cxb5 axb5 17.b4 Re8 18.bxc5 Nxc5 19.e5 dxe5 20.fxe5 Nfd7 21.Ne4 Rxe5 22.Bf4 Qb6
23.Kh2 Nxe4 24.Bxe5 Nxe5 25.Bxe4 Nc4 26.Qd3 Be6 27.Nf4 Rd8 28.Nd5 Qc5 29.Rcd1 Kh8
30.Qe2 Re8 31.Qc2 Bd4 32.Nc7 Qxc7 33.Rxd4 Qe5 34.Qf2 f5 35.Bc6 Rc8 36.Re1 Qf6
37.Bxb5 Ne5 38.Rd6 Rc2 39.Qxc2 Nf3+ 40.Kh1 Nxe1 41.Rxe6 Qa1 42.Qc8+ Kg7 43.Qd7+  1-0

[Event "7th Solana It 2nd event"]
[Site "Solin CRO"]
[Date "1999.12.15"]
[Round "4"]
[White "Dizdarevic,E"]
[Black "Tkachiev,V"]
[Result "1/2-1/2"]
[WhiteElo "2527"]
[BlackElo "2648"]

1.Nf3 g6 2.g3 Bg7 3.d4 Nf6 4.c4 O-O 5.Bg2 d6 6.O-O Nc6 7.Nc3 a6 8.b3 Rb8
9.e3 b5 10.Qe2 b4 11.Na4 Bd7 12.Bb2 Na5 13.Rfd1 Qe8 14.Qc2 Bxa4 15.bxa4 Nd7
16.c5 dxc5 17.Bf1 c4 18.Bxc4 Nxc4 19.Qxc4 Nb6 20.Qxa6 Nxa4 21.Rab1 c5 22.Ba1 Nc3
23.Bxc3 bxc3 24.Rbc1 Ra8 25.Qc4 cxd4 26.Nxd4 Qa4  1/2-1/2

[Event "Vikings GMB"]
[Site "York ENG"]
[Date "1999.12.15"]
[Round "3"]
[White "Arkell,K"]
[Black "Lamb,H"]
[Result "1-0"]
[WhiteElo "2462"]
[BlackElo "2173"]

1.d4 Nf6 2.Nf3 g6 3.c4 Bg7 4.g3 O-O 5.Bg2 d6 6.O-O Nbd7 7.d5 Nb6 8.Nfd2 Bd7
9.Nc3 c6 10.dxc6 Bxc6 11.e4 Nfd7 12.Qc2 f5 13.exf5 Bxg2 14.Kxg2 Rxf5 15.b3 d5
16.Bb2 Rc8 17.Ne2 Bxb2 18.Qxb2 Ne5 19.Rad1 Qf8 20.Qc3 dxc4 21.Ne4 cxb3 22.Qxb3+ Qf7
23.Nd4 Qxb3 24.axb3 Rh5 25.Ne6 Nf7 26.Rc1 Re5 27.N6c5 Nd5 28.Rfe1 Nf6 29.Nxf6+ exf6
30.Nxb7 Rxc1 31.Rxc1 Re7 32.Na5 Ne5 33.Rc8+ Kg7 34.f4 Nd3 35.Rc3 Nb4 36.Kf3 f5
37.Rc4 Nd3 38.Rd4 Nc5 39.b4 Ne4 40.Rd8 Rc7 41.Ke3 Kh6 42.g4 Rc3+ 43.Kd4 Rc2
44.Ra8 Rxh2 45.Rxa7 Rb2 46.Nc6 Nf2 47.gxf5 gxf5 48.Ke5 Nd3+ 49.Kxf5 Nxb4
50.Ne5  1-0

[Event "ch-ROM"]
[Site "Lasi ROM"]
[Date "1999.12.16"]
[Round "4"]
[White "Rogozenko,D"]
[Black "Nevednichy,V"]
[Result "1/2-1/2"]
[WhiteElo "2576"]
[BlackElo "2537"]

1.d4 Nf6 2.c4 g6 3.Nf3 Bg7 4.g3 O-O 5.Bg2 d6 6.O-O Nc6 7.Nc3 Rb8 8.h3 a6
9.e4 e5 10.dxe5 Nxe5 11.Nxe5 dxe5 12.Bg5 c6 13.c5 Be6 14.Qxd8 Rfxd8 15.f4 h6
16.Bh4 Rd2 17.f5 g5 18.fxe6 fxe6 19.Bxg5 hxg5 20.Rf2 Rbd8 21.Raf1 Rxf2 22.Rxf2 a5
23.b3 Rd4 24.Re2 Bf8 25.Kf2 Kf7 26.Bf3  1/2-1/2

[Event "Vikings Masters"]
[Site "York ENG"]
[Date "1999.12.16"]
[Round "4"]
[White "Bates,Ri"]
[Black "Resika,N"]
[Result "1/2-1/2"]
[WhiteElo "2376"]
[BlackElo "2251"]

1.d4 d6 2.Nf3 Nf6 3.c4 g6 4.g3 Bg7 5.Bg2 O-O 6.O-O Nc6 7.Nc3 a6 8.d5 Na5
9.Nd2 c5 10.Qc2 Rb8 11.b3 b5 12.Bb2 bxc4 13.bxc4 Bh6 14.f4 e5 15.dxe6 Bxe6
16.Nd5 Bxd5 17.cxd5 Rxb2 18.Qxb2 Bg7 19.Qa3 Ng4 20.Rac1 Bd4+ 21.Kh1 Ne3 22.Rfe1 Re8
23.Bf3 h5 24.Nf1 Nac4 25.Qxa6 Qa8 26.Qxa8 Rxa8 27.Nxe3 Nxe3 28.Rb1 c4 29.Rec1 Rxa2
30.Rb8+ Kg7 31.Re8 Ra4 32.Re4 Bc5 33.h3 f5 34.Re7+ Kf6 35.Re6+ Kf7 36.Rb1 Ra7
37.Rc1 Ra4 38.Rb1 Ra7 39.Rc1 Ra4  1/2-1/2

[Event "Vikings Masters"]
[Site "York ENG"]
[Date "1999.12.17"]
[Round "5"]
[White "Hanley,C"]
[Black "Phillips,R"]
[Result "1/2-1/2"]
[WhiteElo "2178"]
[BlackElo "2257"]

1.d4 g6 2.Nf3 Nf6 3.g3 Bg7 4.c4 O-O 5.Bg2 d6 6.O-O Nbd7 7.Nc3 e5 8.e4 exd4
9.Nxd4 a6 10.h3 Re8 11.Re1 Rb8 12.Rb1 Ne5 13.b3 Bd7 14.Bb2 h5 15.Nd5 h4 16.f4 Nc6
17.g4 Nh7 18.g5 f6 19.gxf6 Nxf6 20.Nxf6+ Bxf6 21.e5 dxe5 22.Nxc6 Bxc6 23.Bxc6 bxc6
24.Qg4 Qd3 25.Rbd1 Qf5 26.Qxf5 gxf5 27.Rd7 Re7 28.Rxe7 Bxe7 29.Bxe5 Bc5+
30.Kf1 Rd8 31.Ke2 Bd6 32.Rg1+ Kf7 33.Rg5 Bxe5 34.fxe5 Ke6 35.Rg6+ Kxe5 36.Rxc6 Kf4
37.Rxc7 Re8+ 38.Kf2 Rd8 39.Re7 Rd3 40.Re1 Rxh3 41.Rc1 Rh2+ 42.Kg1 Rxa2 43.c5 Rd2
44.c6 Rd8 45.c7 Rc8 46.Kf2 Ke5 47.Rc6 Kd5 48.Rxa6 Rxc7 49.Rh6 Rb7 50.Rxh4 Rxb3
51.Ra4 Ke5 52.Ra5+ Kf4 53.Ra4+ Kg5 54.Kg2 Rb2+ 55.Kf3 Rb3+ 56.Kg2 Rc3 57.Kf2 Rb3
58.Kg2 f4 59.Ra8 Rg3+ 60.Kf2  1/2-1/2

[Event "ch-ROM"]
[Site "Lasi ROM"]
[Date "1999.12.18"]
[Round "6"]
[White "Marin,M"]
[Black "Grigore,G"]
[Result "1-0"]
[WhiteElo "2548"]
[BlackElo "2526"]

1.c4 g6 2.Nf3 Bg7 3.d4 Nf6 4.g3 O-O 5.Bg2 d6 6.O-O c6 7.Nc3 Qa5 8.e4 e5 9.h3 exd4
10.Nxd4 Nbd7 11.Re1 Ne5 12.Bf1 Re8 13.Rb1 d5 14.b4 Qd8 15.cxd5 cxd5 16.Bg5 dxe4
17.Nxe4 Bf5 18.Nxf5 Qxd1 19.Nxf6+ Bxf6 20.Rexd1 Nf3+ 21.Kh1 Bxg5 22.Nd6 Nd2
23.Rb2 Re6 24.Rbxd2 Bxd2 25.Rxd2 Rd8 26.Ne4 Rxd2 27.Nxd2 Re1 28.Kg2 Rc1 29.Nb3 Rc3
30.b5 b6 31.Nd4 Ra3 32.Nc6 Rxa2 33.Ne5 Rc2 34.Kf3 Kg7 35.Bd3 Rc1 36.Ke3 Kf6
37.f4 Kg7 38.Nc6 a5 39.bxa6 Rxc6 40.a7 Re6+ 41.Kf3  1-0

[Event "ch-RUS KO"]
[Site "Moscow RUS"]
[Date "1999.12.18"]
[Round "2.5"]
[White "Yevseev,D"]
[Black "Kokorev,D"]
[Result "0-1"]
[WhiteElo "2539"]
[BlackElo "2370"]

1.d4 g6 2.Nf3 Nf6 3.g3 Bg7 4.Bg2 O-O 5.c4 d6 6.O-O Nbd7 7.Nc3 e5 8.h3 c6
9.e4 Qb6 10.c5 dxc5 11.dxe5 Ne8 12.e6 fxe6 13.Ng5 Nc7 14.f4 Bd4+ 15.Kh2 Nf6
16.e5 Nfd5 17.Qe1 Ne8 18.h4 Ng7 19.Nce4 Qc7 20.Nf3 b6 21.Nxd4 cxd4 22.b4 Nf5
23.Rf2 c5 24.bxc5 bxc5 25.Ba3 Nde3 26.Bxc5 Ng4+ 27.Kg1 Nxf2 28.Qxf2 Bb7 29.Bxf8 Rxf8
30.h5 Bxe4 31.Bxe4 Qc3 32.Rd1 Qxg3+ 33.Qxg3 Nxg3 34.Bd3 Nxh5 35.Bc4 Nxf4
36.Rxd4 Kg7 37.Rd6 Rf7 38.a4 g5 39.a5 h5 40.a6 Rc7  0-1

[Event "Open"]
[Site "Zadar CRO"]
[Date "1999.12.19"]
[Round "9"]
[White "Dizdar,G"]
[Black "Tratar,M"]
[Result "1/2-1/2"]
[WhiteElo "2549"]
[BlackElo "2442"]

1.d4 Nf6 2.Nf3 g6 3.c4 Bg7 4.g3 O-O 5.Bg2 d6 6.O-O Nbd7 7.Nc3 e5 8.e4 a6
9.h3 b5 10.dxe5 dxe5 11.Qc2 c6 12.Be3 Bb7 13.Nd2 Qc7 14.b4 a5 15.a3 axb4
16.axb4 bxc4 17.Nxc4 Ba6 18.Na4 Rfb8 19.Rfc1 Bb5 20.Na5 Qd6 21.Nc3 Ba6 22.Qa4 Rc8
23.b5 cxb5 24.Nxb5 Rxc1+ 25.Rxc1 Bxb5 26.Qxb5 Qa6 27.Qxa6 Rxa6 28.Rc8+ Bf8
29.Nc6 Kg7 30.g4 Ra1+ 31.Kh2 Ra4 32.f3 Rc4 33.Na7 Rxc8 34.Nxc8 Bc5 35.Bxc5  1/2-1/2

[Event "WGM"]
[Site "Groningen NED"]
[Date "1999.12.26"]
[Round "6"]
[White "Khurtsidze,N"]
[Black "Kovalevskaya,E"]
[Result "0-1"]
[WhiteElo "2472"]
[BlackElo "2497"]

1.d4 Nf6 2.c4 d6 3.Nf3 g6 4.g3 Bg7 5.Bg2 O-O 6.Nc3 Nbd7 7.O-O e5 8.h3 exd4
9.Nxd4 Re8 10.e4 Nc5 11.Re1 a5 12.Qc2 a4 13.Bf4 Nfd7 14.Rad1 Ne5 15.b4 axb3
16.axb3 c6 17.Be3 Qb6 18.f4 Ned7 19.Rb1 Qb4 20.Kh2 Nf8 21.Bd2 Qb6 22.Be3 Qb4
23.Bd2 Qb6 24.Nce2 h5 25.b4 Nce6 26.Nf3 Ra3 27.f5 Nc7 28.Bf4 gxf5 29.exf5 Qf2
30.Nfg1 Rc3 31.Qa2 Rd3 32.Rf1 Qb6 33.c5 Qa6 34.Qxa6 Nxa6 35.Bxd6 Rd2 36.f6 Bh6
37.Nf4 Bf5 38.Rb3 Be4 39.Nf3 Bxf3 40.Rfxf3 Bxf4 41.Bxf4 Rc2 42.Kg1 Nd7 43.Bd6 Re6
44.Be7 Rc1+ 45.Bf1 Nc7 46.Rf5 Nd5 47.Rbf3 Re5 48.Rxe5 Nxe5 49.Rb3 Nc4 50.Rf3 Nd2
51.Rf2 Rd1 52.Bd6 Ne3 53.Rxd2 Rxd2 54.Bf4 Nxf1 55.Kxf1 Rb2 56.Bd6 Kh7 57.Be7 Kg6
58.Kg1 Kf5 59.Kf1 Ke4  0-1